| Registos Bibliográficos associados ao registo de autoridade |
|
Etiqueta de registo: 00254nam 2200025 450 001 2274361 003 http://id.bnportugal.gov.pt/bib/catbnp/2274361 010 ## $a978-989-9134-75-1 021 ## $aPT$b559841/26 100 ## $a20260302d2026 m y0pory01030103ba 101 0# $apor 102 ## $aPT 105 ## $aa z 000yy 106 ## $ar 200 1# $aViver com pretexto$fJoana Carvalho$gil. Paulo Salvador Lopes 205 ## $a1ª ed 210 #9 $aPorto$cSalesianos,$d2026 215 ## $a95, [3] p.$cil.$d22 cm 675 ## $a272-184-053.6$vBN$zpor$31565212 675 ## $a272-46-053.6$vBN$zpor$31994937 700 #1 $910$aCarvalho,$bJoana$31988332 702 #1 $aLopes,$bPaulo Salvador,$f1974-$4440$31649947 801 #0 $aPT$bBN$gRPC 856 41 $uhttp://rnod.bnportugal.gov.pt/ImagesBN/winlibimg.aspx?skey=&doc=2274361&img=221076&save=true 900 ## $aBIBNAC$d20260420 966 ## $lBN$mFGMON$sR. 33477 V.$x1 966 ## $lBN$mFGMON$sR. 33477 V.-D$x1 971 ## $cabrito$d20260302 972 ## $e0$z0$d20260420$vasantos 973 ## $csteixeira$d20260407
|
|
|